Restauración ecológica de los páramos de Colombia : (Registro nro. 8755)

Detalles MARC
000 -CABECERA
Campo de control 01249nam a22002777a 4500
005 - FECHA Y HORA DE LA ULTIMA TRANSACCION
Campo de control 20180803165610.0
008 - ELEMENTOS DE LONGITUD FIJA—INFORMACION GENERAL
Campo de control 141107b2014 ck il. |r||||a00| 0 spa d
020 ## - ISBN
ISBN 9789588343983
041 ## - IDIOMA
Código de idioma para texto/pista de sonido o título separado Español
044 ## - PAÍS DE PUBLICACIÓN
País de publicación Colombia
082 04 - NUMERO DE CLASIFICACION DECIMAL DEWEY
Número de clasificación 577.683
Número del ítem R17r
245 00 - MENCION DE TITULO
Título Restauración ecológica de los páramos de Colombia :
Parte restante del título transformación y herramientas para su conservación /
Mención de responsabilidad editado por Marian Cabrera y Wilson Ramírez
260 ## - PUBLICACION, DISTRIBUCION, ETC. (PIE DE IMPRENTA)
Lugar de publicación, distribución, etc. Bogotá :
Nombre del editor, distribuidor, etc. Instituto de Investigación de Recursos Biológicos Alexander von Humboldt,
Fecha de publicación, distribución, etc. 2014.
300 ## - DESCRIPCION FISICA
Extensión 296 p.
Otros detalles físicos fot. (col). tablas, mapas
Dimensiones 23 cm.
504 ## - NOTA DE BIBLIOGRAFIA, ETC.
Nota de bibliografía Incluye bibliografía al final de cada capítulo, guía de autores.
505 ## - NOTA DE CONTENIDO
Nota de contenido Cap. 1 Ecología y transformación de los páramos (pag 19)
505 ## - NOTA DE CONTENIDO
Nota de contenido Cap. 2 La restauración ecológica de los paramos (pag 67)
505 ## - NOTA DE CONTENIDO
Nota de contenido Cap. 3 Lineamientos y estrategias de restauración de los ecosistemas de páramo (pag 135)
505 ## - NOTA DE CONTENIDO
Nota de contenido Cap. 4 Estudios de caso (pag 173)
650 #6 - ASIENTO SECUNDARIO DE MATERIA - TERMINO TEMATICO
Término temático o nombre geográfico como elemento de entrada Ecología de páramos
Subdivisión geográfica Colombia
650 #6 - ASIENTO SECUNDARIO DE MATERIA - TERMINO TEMATICO
Término temático o nombre geográfico como elemento de entrada Restauración ecológica
650 #6 - ASIENTO SECUNDARIO DE MATERIA - TERMINO TEMATICO
Término temático o nombre geográfico como elemento de entrada Páramos
Subdivisión general ecología
-- conservación
700 #0 - ASIENTO SECUNDARIO - NOMBRE PERSONAL
Nombre personal Cabrera,Marian
Término de relación ed.
700 #0 - ASIENTO SECUNDARIO - NOMBRE PERSONAL
Nombre personal Ramírez, Wilson
Término de relación ed.
942 ## - ELEMENTOS ADICIONALES (KOHA)
Sistema de clasificación Dewey Decimal Classification
Tipo de ítem Libro
Koha issues (borrowed), all copies 19
Existencias
Withdrawn status Lost status Sistema de Clasificación Damaged status No para préstamo Colección Inventariado Ubicación Permanente Ubicación actual Fecha de adquisición Fuente de Valor Valor Total Checkouts Número topográfico Inventario / Código de Barras Date last seen Date checked out Ejemplar Price effective from Forma de adquisición Tipo de material
    Dewey Decimal Classification     Humboldt Inventariado 2017 Bogotá Bogotá 07/11/2014 Instituto 39000.00 15 IAVH-577.683 R17r 038412 12/03/2019 12/03/2019 Ej. 1 07/11/2014 Institucional Libro
    Dewey Decimal Classification     Humboldt Inventariado 2017 Bogotá Bogotá 07/11/2014 Instituto 39000.00 5 IAVH-577.683 R17r 038411 06/12/2016 05/12/2016 Ej. 2 07/11/2014 Institucional Libro
    Dewey Decimal Classification     Humboldt Inventariado 2017 Sala Fabio Quevedo Sala Fabio Quevedo 07/11/2014 Instituto 39000.00   IAVH-577.683 R17r 038410 07/11/2014   Ej. 3 07/11/2014 Institucional Libro